00514nam a2200181Ia 4500008004100000020001500041082001600056100002300072245003100095250000600126260002500132300001600157500002400173650001500197942000700212952009600219999001700315230524s9999 xx 000 0 und d a8123911696 a574.19bLAL aHarbans Lal942015 2aA Textbook of Biochemistry a1 aNew DelhibCBSc2008 a"XII,497p;" aQuantity Number: 1 aBiomedical cBK 00104070aTATCLbTATCLcGENd2023-05-24l0o574.19 LALp53869r2023-05-24w2023-05-24yBK c56429d56429